LEADER 00400nab a2200145 i 4500 001 000000261237 003 CaOOAMICUS 005 20190326102510.0 008 050428n xx uu u0 0und r 013 $a2166 040 $aSeMil$bita 245 10$aOctober. 773 0 $t[2004].$dNew York : Cambridge University Press, 2004.$w()137314 996 $6245$aOctober$9(OLS)http://semarc/title/421190 LEADER 01018nam a2200241 i 4500 001 000000190477 003 CaOOAMICUS 005 20100617000000.0 008 100617s1982 it u000 u ita u 013 $a168890 040 $aSeMil$bita 100 1 $aDogo, Leone.$0(OLS)http://semarc/name/31705 245 10$aPadre Leopoldo :$bquel piccolo frate col bastoncello... /$cLeone Dogo. 260 $aVigodarzere (PD) :$bCarroccio,$c1982. 300 $a95 p. ;$c19 cm. 490 0 $aLuci nelle tenebre 500 $aContiene : Bibliografia. 600 04$aLeopoldo : da Castelnuovo .$0(OLS)http://semarc/subject/10266 830 0$aLuci nelle tenebre.$0(OLS)http://semarc/title/31389 850 $aSeMil 852 $aSeMil$W1$xVenegono$y1$m3H I 327$j141096$B141096$CSeMilBibl$Z2$F152710 $81 996 $6245$aPadre Leopoldo :$bquel piccolo frate col bastoncello...$9(OLS)http://semarc/title/274409 996 $6260$aVigodarzere (PD) :$bCarroccio$9(OLS)http://semarc/publisher/31707 LEADER 00951nam a2200217 i 4500 001 000000210062 003 CaOOAMICUS 005 20120111000000.0 008 120111s2005 it u000 u ita u 013 $a188854 040 $aSeMil$bita 100 1 $aMeloni, Pietro .$0(OLS)http://semarc/name/63118 245 13$aLa regola pastorale di San Gregorio Magno /$cPietro Meloni. 260 $aFirenze :$bSISMEL Edizioni del Galluzzo,$c2005. 300 $aP. 192-249 ;$c25 cm. 500 $aEstrato da: Scrittura e storia : per una lettura delle opere di Gregorio Magno / a cura di Lucia Castaldi. 850 $aSeMil 852 $aSeMil$W1$xVenegono$y1$m5D VII 20/1$j160513$B160513$CSeMilBibl$Z2$F183396 $81 961 $aOmaggio: Delpini mons. Mario 996 $6245$aLa regola pastorale di San Gregorio Magno$9(OLS)http://semarc/title/303701 996 $6260$aFirenze :$bSISMEL Edizioni del Galluzzo$9(OLS)http://semarc/publisher/31909